banner koha

Avaliacao da simbiose Rhizobium japonicum e soja Glycine max (L.)Merril)em latossolos deficientes em fosforo (Registro n. 322427)

MARC details
000 -LÍDER
campo de controle de tamanho fixo 01186naa a22003377a 4500
001 - NÚMERO DE CONTROLE
campo de controle BR9400571
003 - IDENTIFICADOR DO NÚMERO DE CONTROLE
campo de controle BR-BrBNA
005 - DATA E HORÁRIO DA ÚLTIMA TRANSAÇÃO
campo de controle 20240918180855.0
007 - CAMPO FIXO DE DESCRIÇÃO FÍSICA--INFORMAÇÃO GERAL
campo de controle de tamanho fixo ta
008 - CAMPO DE DADOS FIXOS--INFORMAÇÃO GERAL
campo de controle de tamanho fixo 230509b bl.||||| |||| 00| 0 por d
040 ## - FONTE DA CATALOGAÇÃO
Instituição da catalogação original BR-BrBNA
Idioma da catalogação por
Instituição que transcreveu o registro Biblioteca Nacional de Agricultura
041 ## - CÓDIGO DE IDIOMA
Código do idioma do texto/trilha sonora ou título diferente (Pt)
072 ## - CÓDIGO DE CATEGORIA DE ASSUNTO
Código de Categoria de Assunto P34
Código do objeto 3920
-- 0336
-- 3830
090 ## - NÚMERO DE CHAMADA LOCAL
Número de chamada P34 BR9400571
100 1# - ENTRADA PRINCIPAL--NOME PESSOAL
Nome pessoal Strauch, G.F.E.
100 1# - ENTRADA PRINCIPAL--NOME PESSOAL
Nome pessoal Didonet, A.D.
100 1# - ENTRADA PRINCIPAL--NOME PESSOAL
Nome pessoal Brandao, P.G.S.
100 1# - ENTRADA PRINCIPAL--NOME PESSOAL
Nome pessoal Duque, F.F.
111 1# - ENTRADA PRINCIPAL--NOME DO EVENTO
Nome do evento ou lugar 6. Simposio sobre o Cerrado
Local do evento Brasilia, DF (Brazil)
Data do evento ou assinatura do tratado 4-8 Oct 1982
245 1# - TÍTULO
Título Avaliacao da simbiose Rhizobium japonicum e soja Glycine max (L.)Merril)em latossolos deficientes em fosforo
260 3# - PUBLICAÇÃO, DISTRIBUIÇÃO, ETC.
Local de publicação, distribuição, etc. Planaltina, DF (Brasil):
Data da publicação, distribuição, etc. 1988.
500 ## - NOTA GERAL
Nota geral 6. Simposio sobre o Cerrado - Savanas: alimento e energia<br/>Planaltina, DF (Brasil): 1988. p. 341-352<br/>(BR9400571-AM)P34<br/>
650 ## - ASSUNTO--TERMO TÓPICO
Cabeçalho tópico ou nome geográfico Rhizobium
650 ## - ASSUNTO--TERMO TÓPICO
Cabeçalho tópico ou nome geográfico Soja
650 ## - ASSUNTO--TERMO TÓPICO
Cabeçalho tópico ou nome geográfico Fosforo
650 ## - ASSUNTO--TERMO TÓPICO
Cabeçalho tópico ou nome geográfico Simbiose
650 ## - ASSUNTO--TERMO TÓPICO
Cabeçalho tópico ou nome geográfico Nodulacao
773 0# - ENTRADA ANALÍTICA
Título 6. Simposio sobre o Cerrado - Savanas: alimento e energia
Número de controle do registro P34 BR9400571
Partes relacionadas Planaltina, DF (Brasil), 1988. p. 341-352
909 ## -
-- 202404
-- Lucia
-- 55
-- Lucia Elande
942 ## - ELEMENTOS DE ENTRADA ADICIONADOS (KOHA)
Tipo de material Koha Capítulo-Livro
Fonte da classificação ou esquema de arquivamento na estante Classificação AGRIS
Exemplares
Situação do descarte Fonte da classificação ou esquema de arquivamento na estante Situação física Não pode ser emprestado Coleção Biblioteca de origem Biblioteca atual Localização na estante Total de empréstimos Número de telefone completo Data de último acesso Número do exemplar Tipo de material Koha Situação das perdas Data de aquisição Fonte de aquisição
  Classificação AGRIS       Biblioteca Nacional de Agricultura - Binagri Biblioteca Nacional de Agricultura - Binagri Agrobase - Acervo Geral   0312 BR9400580 20/05/2024 01 Capítulo-Livro   2024-04-11 Portaria Interministerial nº 164/94

BINAGRI

Telefone: (61)3218-2567/2388/3357/2097 - binagri@agro.gov.br

Ministério da Agricultura e Pecuária , Esplanada dos Ministérios, Bloco D, Anexo B, Brasília/DF, CEP: 70.043-900